Short papers in geology, hydrology, and topography ; articles 60-119 /

Bibliographic Details
Corporate Author: Geological Survey (U.S.)
Format: Government Document Book
Language:English
Published: Washington, D.C. : U.S. G.P.O., 1962.
Series:Professional paper (Geological Survey (U.S.)) ; 450-C.
Geological Survey research 1962.
Subjects:

MARC

Tag First Indicator Second Indicator Subfields
LEADER 00000cam a2200000Ia 4500
001 in00002783686
005 20151202171835.0
008 871117s1962 dcuab b f001 0 eng d
035 |a (OCoLC)ocm16992500 
035 |a (OCoLC)16992500 
040 |a CFI  |c CFI  |d UV$  |d OCLCQ  |d UtOrBLW 
043 |a n-us--- 
049 |a TXAM 
050 4 |a QE75  |b .P9 1962 no. 450-C 
086 |a I 19.16:450-C 
245 0 0 |a Short papers in geology, hydrology, and topography ; articles 60-119 /  |c prepared by the Geologic and Water Resources Divisions. 
264 1 |a Washington, D.C. :  |b U.S. G.P.O.,  |c 1962. 
300 |a vi, 147 pages :  |b illustrations, maps ;  |c 29 cm. 
336 |a text  |b txt  |2 rdacontent 
337 |a unmediated  |b n  |2 rdamedia 
338 |a volume  |b nc  |2 rdacarrier 
490 1 |a Geological Survey (U.S.). Professional paper ;  |v 450-C 
490 1 |a Geological Survey research 1962 
504 |a Includes bibliographical references and index. 
505 0 |a Geologic studies: Economic geology. Engineering geology. Structural geology. Stratigraphy. Metamorphic geology. Geochemistry. Geochronology. Paleontology. Sedimentation. Geomorphology. Glaciology and glacial geology. Anaytical techniques -- Hydrologic studies: Engineering hydrology. Ground water. Surface water. Quality of water. Experimental hydrology. 
650 0 |a Geology  |x Research  |z United States. 
650 0 |a Hydrology  |x Research  |z United States. 
710 2 |a Geological Survey (U.S.) 
830 0 |a Professional paper (Geological Survey (U.S.)) ;  |v 450-C. 
830 0 |a Geological Survey research 1962. 
948 |a cataloged  |b h  |c 2012/12/13  |d c  |e mvaldespin  |f 11:49:24 am 
994 |a C0  |b TXA 
999 |a MARS 
999 f f |s 0a221593-d48a-34c0-8a2a-c8482eb4b230  |i eb753734-85e2-3834-84de-dc4bfd33e803  |t 0 
952 f f |p normal  |a Texas A&M University  |b College Station  |c Sterling C. Evans Library  |d Evans: US Documents (Annex 5th floor)  |t 0  |e I 19.16:449-450 A-E  |h Superintendent of Documents classification  |i unmediated -- volume  |m A14820657612 
952 f f |a Texas A&M University  |b College Station  |c Sterling C. Evans Library  |d Evans: US Documents (Annex 5th floor)  |t 0  |e I 19.16:449-450 A-E  |h Superintendent of Documents classification 
998 f f |a I 19.16:449-450 A-E  |t 0  |l Evans: US Documents (Annex 5th floor)